[Event "FIDE World Cup 2017"]
[Site "Tbilisi"]
[Date "2017.09.08"]
[Round "2.3"]
[White "Artemiev, Vladislav"]
[Black "Radjabov, Teimour"]
[Result "1-0"]
[WhiteElo "2692"]
[BlackElo "2742"]
[Annotator "TA"]
[PlyCount "151"]
[EventDate "2017.??.??"]
[EventType "k.o."]
[EventCountry "GEO"]
[SourceTitle "playchess.com"]
[Source "ChessBase"]
[SourceQuality "1"]

{[%evp 9,151,-5,-3,-5,5,3,24,0,0,0,0,0,13,23,16,29,53,42,56,58,54,59,88,-16,-21,-17,-17,-17,-18,-18,-18,-19,-19,-22,-19,-31,-14,-16,-13,-10,-12,-8,-2,-6,-2,-9,0,2,3,17,29,29,31,22,36,3,3,3,3,0,29,29,36,36,45,0,0,0,3,0,0,0,3,3,34,3,48,30,22,0,22,22,37,37,37,37,37,37,38,38,38,38,38,39,41,12,34,34,34,0,35,34,41,28,20,0,59,58,58,58,62,43,70,49,74,35,188,177,263,35,35,49,210,204,220,26,341,350,329,314,701,700,622,603,667,637,1325,1128,1220,1158,1139,562,1185,1138]} 1. d4 Nf6 2. Nc3 d5 3. Bf4 e6 4. Nb5 Na6 5. e3 c6 6. Nc3 {D00: 1 d4 d5: Unusual lines} Qb6 7. a3 Be7 $146 ({Predecessor:} 7... c5 8. Nf3 Bd7 9. Rb1 Bd6 10. Ne5 Nc7 11. Be2 O-O {0-1 (60) Darini,P (2511)-Volokitin,A (2649) Doha 2016}) 8. Bd3 {White has an edge.} c5 9. Rb1 O-O 10. Nf3 Bd7 11. Ne5 c4 12. Be2 Rfd8 13. Bg5 Nc7 14. Bh5 Be8 15. Ng4 $1 Nb5 16. O-O (16. Nxf6+ $16 gxf6 17. Bf4) 16... Nxg4 $11 17. Bxe7 Qc7 {[%csl Gg4][%cal Rc7h2] [#]} 18. Bxg4 Qxe7 19. Nxb5 Bxb5 20. c3 Bc6 21. Bf3 b5 22. Re1 a5 23. e4 dxe4 (23... Qb7 $5 {[%cal Rd5e4]}) 24. Bxe4 Bxe4 25. Rxe4 b4 26. axb4 axb4 27. h3 Ra2 28. Qf1 bxc3 29. bxc3 Ra4 30. Re5 Qa3 31. Qe1 Ra5 32. Rxa5 Qxa5 $14 {[%mdl 4096] Endgame KQR-KQR} 33. Rb4 Rc8 34. Qf1 Qd5 35. Qb1 g6 36. Rb5 Qd6 37. Qa2 Qf4 {And now ...Qc1+ would win.} 38. Qa1 Qe4 39. Re5 Ra8 40. Qc1 Qb7 41. Rc5 Qb3 42. Rc7 h5 43. Qf4 Rf8 44. Qc1 Rd8 45. h4 Kg7 46. Qf4 Rf8 $1 47. Qe3 Kg8 48. g3 Rd8 49. Qf3 Rf8 50. Kg2 Kg7 51. Qe3 Kg8 52. Rc5 Rb8 53. Qf3 Kg7 54. Rc7 Rf8 55. Rb7 Qc2 56. Rb4 $40 {[%mdl 128] White attacks.} Rc8 57. Rb7 (57. Qe3 {is interesting.} Kg8 58. Rb7 Rf8 59. Rd7 Qa4 60. Rd6) 57... Qf5 ({Better is} 57... Rf8 $1 $11) 58. Qxf5 (58. Rd7 {feels hotter.} Kf8 59. Qb7 Re8 60. Qc6 Kg7 61. Qf3) 58... gxf5 {KR-KR} 59. Kf3 Kf6 60. Kf4 Rc6 61. Rb8 Rc7 62. Rh8 Kg6 $2 {[#]} (62... Ra7 $14) 63. Ke5 $1 $18 Kg7 (63... Rc6 $142 64. Rg8+ Kh7) 64. Ra8 $2 (64. Rxh5 $18 {Threatens to win with Rg5+.} Ra7 65. Rg5+ Kf8 66. Kf6) 64... Rb7 $14 65. Rc8 Rb1 $2 ({Black should try} 65... Rb2 $14) 66. Rxc4 $18 Rf1 67. d5 $2 (67. Ra4 $18) 67... Re1+ $2 {[%mdl 8192]} (67... Rxf2 $11 68. dxe6 fxe6) 68. Kd6 exd5 69. Kxd5 Re2 $2 (69... Kf6 70. Rc6+ Ke7) 70. Rf4 {White is clearly winning.} Kf6 71. c4 {[%cal Bc3c4,Bc4c5,Bc5c6][%mdl 32]} Rd2+ 72. Kc6 Ke5 73. c5 Rc2 74. Kb6 Ke6 75. Rf3 (75. c6 $142 Rb2+ 76. Kc7) 75... Ke5 76. c6 {Precision: White = 52%, Black = 36%.} 1-0

[Event "FIDE World Cup 2017"]
[Site "Tbilisi"]
[Date "2017.09.08"]
[Round "2.3"]
[White "Onischuk, Alexander"]
[Black "Wojtaszek, Radoslaw"]
[Result "1/2-1/2"]
[WhiteElo "2682"]
[BlackElo "2739"]
[Annotator "TA"]
[PlyCount "93"]
[EventDate "2017.??.??"]
[EventType "k.o."]
[EventCountry "GEO"]
[SourceTitle "playchess.com"]
[Source "ChessBase"]
[SourceQuality "1"]

{[%evp 21,93,0,0,1,13,-33,-22,-29,-11,-21,0,0,0,-3,-2,-4,-7,-17,13,13,9,10,12,9,9,14,11,14,47,47,47,47,47,47,47,47,47,47,49,49,56,56,56,56,56,48,56,56,77,77,77,31,61,61,61,61,61,61,61,31,31,9,9,2,2,2,2,2,2,2,2,2,2,0]} 1. d4 Nf6 2. c4 e6 3. Nf3 d5 4. g3 Bb4+ 5. Bd2 Be7 6. Bg2 O-O 7. O-O Nbd7 8. Qc2 c6 9. Rd1 b6 {E11: Bogo-Indian} (9... Ne4 10. Bf4 g5 11. Be3 f5 12. Nc3 Nd6 13. b3 Bf6 14. Qc1 h6 15. h4 Nf7 16. hxg5 hxg5 17. Na4 Qe7 {1-0 (36) Giri,A (2771)-Carlsen,M (2832) Leuven 2017}) 10. Ne5 Nxe5 11. dxe5 Nd7 {LiveBook: 4 Games} 12. Bc3 {[%cal Rc4d5,Bd2c3,Bc3d4,Bd4e3][%mdl 32]} Qc7 13. f4 $146 ({Predecessor:} 13. cxd5 cxd5 14. e4 d4 15. Rxd4 Nxe5 16. Rd1 Ba6 17. Na3 {0-1 (54) Harihara,S (2134)-Aravindh,C (2306) Lucknow 2013}) 13... Ba6 14. cxd5 cxd5 15. Qd2 Nc5 (15... Rac8 {with more complications.} 16. Bd4 Nb8 17. Nc3 Nc6 18. Bf2 Rfd8) 16. Bd4 Ne4 17. Bxe4 dxe4 18. Qe3 Rfd8 19. Nc3 Qc4 20. Qxe4 Rab8 {Threatening ...Bb7.} 21. Be3 Qxe4 22. Nxe4 Bxe2 23. Rxd8+ Rxd8 24. Rc1 Rd1+ (24... Bd3 {keeps more tension.} 25. Nd2 Bb5 26. Nf3 Rd7 27. Nd4 Ba6) 25. Rxd1 Bxd1 $14 {[%mdl 4096] Endgame KBB-KBN} 26. Nc3 Bf3 27. Nb5 $1 a6 28. Nc7 Bb7 29. Bxb6 Bd8 30. Kf2 Bxc7 31. Bxc7 {KB-KB} Kf8 32. g4 Bd5 33. a3 Ke7 34. Bd6+ Kd7 35. Bf8 g6 36. Bh6 Bb3 37. Kg3 a5 38. Kh4 a4 39. Kg5 Ke7 40. h4 Bd1 41. h5 gxh5 {The position is equal.} 42. Kxh5 Be2 43. Kg5 Bd1 44. Bg7 Be2 45. Bf6+ Ke8 46. f5 Bd1 47. fxe6 {Precision: White = 68%, Black = 69%.} 1/2-1/2

[Event "FIDE World Cup 2017"]
[Site "Tbilisi"]
[Date "2017.09.08"]
[Round "2.3"]
[White "Rapport, Richard"]
[Black "Wei, Yi"]
[Result "1-0"]
[WhiteElo "2675"]
[BlackElo "2748"]
[Annotator "TA"]
[PlyCount "128"]
[EventDate "2017.??.??"]
[EventType "k.o."]
[EventCountry "GEO"]
[SourceTitle "playchess.com"]
[Source "ChessBase"]
[SourceQuality "1"]

{[%evp 12,128,17,19,20,8,13,10,13,16,14,7,25,16,23,-28,26,25,29,37,52,43,50,43,41,48,39,47,45,58,47,22,32,41,35,36,10,34,77,80,109,114,116,109,115,125,153,132,148,150,151,136,114,139,151,137,160,150,230,226,230,230,230,230,230,230,230,230,230,230,230,230,230,230,230,230,230,230,1040,1040,1040,1040,1040,1040,1040,1040,1040,1040,1040,1040,1033,1025,1010,1010,1004,989,953,948,1285,1321,1321,1321,1104,990,948,837,385,385,8344,7129,29968,29967,29966,29967,29965,29953,7048,6125,4618]} 1. Nf3 Nf6 2. c4 e6 3. d4 d5 4. Bg5 h6 5. Bxf6 Qxf6 6. e3 c6 {D30: Queen's Gambit Declined: Systems without Nc3} 7. Bd3 {LiveBook: 4 Games} g6 $146 ({Predecessor:} 7... a6 8. Nbd2 Qd8 9. O-O Be7 10. Qe2 Nd7 11. e4 dxc4 12. Nxc4 b5 13. Ne3 {1-0 (44) Nikolic,P (2607)-Filipovic,B (2413) Sarajevo 2017}) 8. O-O Bg7 {The position is equal.} 9. Nbd2 O-O 10. Rc1 Nd7 11. Re1 Qd8 12. Qb3 a5 13. e4 ({White must play} 13. a3 $1) 13... a4 (13... dxe4 $142 14. Bxe4 (14. Nxe4 e5 $11) 14... e5) 14. Qa3 $11 dxe4 15. Nxe4 e5 16. Nd6 $1 {[%cal Rd4e5]} exd4 17. c5 Nf6 18. Bc4 Nd5 19. Bxd5 cxd5 20. b4 b6 21. Red1 Bg4 22. h3 Bxf3 23. Qxf3 bxc5 24. bxc5 Qg5 25. g3 Be5 26. h4 ({Don't play} 26. Qxd5 Rad8 $11) 26... Qf6 27. Qxf6 $1 ({Worse is} 27. Qxd5 Rad8 $15) 27... Bxf6 28. c6 $1 {[%cal Rc6c7] Strongly threatening c7.} Be5 29. Nb5 $36 {[%mdl 2048] Black is under strong pressure.} Ra5 30. c7 ({Don't do} 30. Nxd4 $6 Rc8 $14) 30... Rxb5 31. c8=Q Rxc8 32. Rxc8+ $16 {[%mdl 4096] Endgame KRR-KRB} Kg7 33. Ra8 Rb4 34. Ra5 Bc7 (34... Kf6 $16 {is a better defense.} 35. Rxd5 Rb2) 35. Rxd5 $18 Rb2 36. R5xd4 Rxa2 {[#]} 37. R4d2 $1 {[%cal Rd2a2]} Ra3 {[#]} 38. Rd3 $1 {[%cal Rd3a3]} Rxd3 39. Rxd3 {KR-KB} h5 40. Ra3 Bd6 41. Rxa4 Bc5 42. Kg2 Bb6 43. Ra2 Bd4 44. Kf3 f5 $2 (44... Kf6 45. Ke4 Bc3 46. Ra6+ Kg7) 45. Rd2 Be5 46. Rd5 Kf6 47. Ra5 Ke6 48. Ra6+ Kf7 49. Ke3 Bc3 50. f4 Bf6 51. Kd3 Bb2 52. Kc4 Bf6 53. Rc6 Bb2 54. Kd5 Kg7 55. Ke6 Bd4 56. Rc7+ Kg8 57. Rd7 Bc3 58. Rd3 Bb2 59. g4 hxg4 $2 (59... fxg4 60. f5 gxf5 61. Kxf5 Kg7) 60. h5 Kg7 61. Rd7+ Kh6 62. hxg6 Kxg6 63. Rf7 Bc1 64. Rxf5 Kh6 {Precision: White = 86%, Black = 49%.} 1-0

[Event "FIDE World Cup 2017"]
[Site "Tbilisi"]
[Date "2017.09.08"]
[Round "2.3"]
[White "Adhiban, B."]
[Black "Nepomniachtchi, Ian"]
[Result "1/2-1/2"]
[WhiteElo "2670"]
[BlackElo "2741"]
[Annotator "TA"]
[PlyCount "79"]
[EventDate "2017.??.??"]
[EventType "k.o."]
[EventCountry "GEO"]
[SourceTitle "playchess.com"]
[Source "ChessBase"]
[SourceQuality "1"]

{[%evp 22,79,52,0,0,8,12,2,-6,0,0,-11,68,71,117,124,121,113,256,256,263,243,381,352,339,347,338,321,961,131,136,122,221,-8,-8,-8,-8,-301,-289,-289,8,8,8,8,8,10,11,0,0,0,0,0,0,0,0,0,0,0,0,0]} 1. e4 c5 2. Nf3 d6 3. d4 cxd4 4. Nxd4 Nf6 5. Nc3 a6 6. Bg5 e6 7. f4 Nbd7 8. Qe2 Qc7 9. O-O-O b5 10. a3 {B96: Sicilian Najdorf: 6 Bg5 e6 7 f4, lines other than 7...Qb6 and 7...Be7} Bb7 11. g4 Be7 (11... Rc8 12. Bxf6 gxf6 13. h4 Qb6 14. Rh3 h5 15. f5 e5 16. Nb3 hxg4 17. Qxg4 b4 18. axb4 Qxb4 {1-0 (54) Kramnik,V (2808)-Gelfand,B (2743) Moscow 2016}) 12. Bh4 {LiveBook: 34 Games. White is slightly better.} b4 $146 ({Find the theoretical novelty and annotate with similar games:} 12... h6 13. Kb1 Rc8 14. Rg1 g5 15. fxg5 Nh7 {1-0 (29) Eliseev,U (2548)-Sjugirov,S (2646) Khanty-Mansiysk 2015}) 13. axb4 a5 $1 {[%cal Ra5b4]} 14. Bxf6 Nxf6 15. b5 {[%cal Bb4b5,Bb5b6][%mdl 32]} a4 {Threatens to win with ...0-0.} 16. g5 Nxe4 (16... Nd7 $11) 17. Nxe4 $14 {And now b6 would win.} d5 18. b6 $1 {[%cal Rb6c7]} Qxf4+ 19. Qd2 Qxe4 (19... Qxd2+ $16 {might work better.} 20. Nxd2 O-O) 20. Bb5+ $18 Kf8 {White must now prevent ...a3.} 21. Rde1 Qh4 {[#]} (21... Qg6 $142) 22. Nxe6+ $1 {[%mdl 512]} Kg8 (22... fxe6 23. Rhf1+ Bf6 24. gxf6 $18) 23. Rhf1 a3 ({Not} 23... fxe6 $2 24. Bd7 $18) 24. Kb1 $1 axb2 $2 {[#]} (24... fxe6 25. Bd7 $14) (24... Qb4 25. Qxb4 Bxb4) 25. Qd4 $2 (25. Nd8 $1 $18 {[%mdl 512] is the precise move to win.} Bf8 (25... Rxd8 26. Rxe7) 26. Be8) 25... Qxd4 $16 26. Nxd4 Bc5 {[#]} (26... Bxg5 $16 27. Bc6 Bd2) 27. Re8+ $2 (27. Nb3 $1 $18 {[%cal Rb3c5]} Ba3 28. Be8 (28. Re8+ Rxe8 29. Bxe8 Kf8 $16)) 27... Rxe8 $11 28. Bxe8 Bxd4 29. Rxf7 $2 {[%mdl 8192] [#]} (29. Bxf7+ $11 Kf8 30. Bxd5+ Ke7 31. Bxb7) 29... Bc6 $1 $19 {[%mdl 512]} 30. b7 (30. Bxc6 Kxf7) 30... Bxb7 $2 (30... Ba7 $19 {aiming for ...Bb8.} 31. Rf3 Bxe8) 31. Rxb7 {[%mdl 4096] Endgame Strongly threatening Bf7+. KRB-KRB. The position is equal.} g6 32. Bf7+ Kf8 33. Bxd5 h6 34. Rb8+ (34. Rf7+ {feels hotter.} Ke8 35. Rf4 Bg7 36. Ra4 hxg5 37. Ra8+) 34... Ke7 35. Rxh8 Bxh8 36. gxh6 Bc3 37. h4 Kf6 38. Be4 Kf7 39. Bd5+ Kf6 40. Be4 {Precision: White = 58%, Black = 51%.} 1/2-1/2

[Event "FIDE World Cup 2017"]
[Site "Tbilisi"]
[Date "2017.09.08"]
[Round "2.3"]
[White "Kravtsiv, Martyn"]
[Black "Ding, Liren"]
[Result "0-1"]
[WhiteElo "2670"]
[BlackElo "2771"]
[Annotator "TA"]
[PlyCount "220"]
[EventDate "2017.??.??"]
[EventType "k.o."]
[EventCountry "GEO"]
[SourceTitle "playchess.com"]
[Source "ChessBase"]
[SourceQuality "1"]

{[%evp 27,219,0,8,-16,-20,-25,-32,-44,-53,-56,-55,-49,-50,-61,-62,-62,-65,-64,-61,-60,-51,-46,-47,-55,-40,-47,-46,-83,-77,-82,-72,-135,-138,-175,-175,-175,-175,-169,-169,-162,-154,-147,-140,-215,-208,-193,-193,-193,-175,-365,-318,-408,-401,-387,-393,-334,-341,-288,0,-117,0,-87,0,-123,0,-360,-353,-352,-289,-422,-416,-420,-416,-350,-366,-314,-91,-101,-89,-62,-37,-37,-8,-8,0,0,0,-8,-8,-8,-8,-8,0,-117,-117,-117,-117,-117,-117,-117,-117,-117,-117,-117,-117,-117,-117,-117,-117,-117,-117,-651,-117,-117,-8,-8,-8,-255,-8,-8,0,0,0,-8,-8,-8,-8,-255,-74,-74,-8,-8,-8,-8,-8,-8,-51,-84,-59,-84,-74,-74,-83,-83,0,-84,-8,-8,0,0,0,0,0,0,0,-262,-262,-1617,-1581,-231,-231,-1342,-1214,-29952,-29953,-29958,-29961,-29961,-29962,-29964,-29966,-29966,-29967,-29969,-29969,-29969,-29970,-29967,-29969,-29968,-29970,-29970,-29971,-29972,-29974,-29982,-29983,-29983,-29983,-29984,-29984,-29985,-29986,-29999]} 1. c4 Nf6 2. Nc3 e6 3. d4 Bb4 4. e3 O-O 5. Bd3 d5 6. Nf3 dxc4 7. Bxc4 c5 8. O-O cxd4 9. exd4 b6 10. Qe2 Bb7 11. Rd1 Bxc3 12. bxc3 Qc7 13. Ne5 Nbd7 14. Nxd7 {E54: Nimzo-Indian: Rubinstein: Main Line: 7...dxc4 8 Bxc4} Qxd7 {LiveBook: 6 Games} 15. Bd2 (15. Bb5 {is interesting.} Qc7 16. Bb2 Rfd8 17. Rac1 Qf4 18. f3) 15... Ne4 16. f3 {The position is equal.} Nxd2 17. Qxd2 Rac8 18. Bb3 Bd5 19. Qd3 $146 ({Predecessor:} 19. Rdc1 Bc4 20. Rab1 Rc7 21. Qe3 Rfc8 {0-1 (35) Yang,Y (1803)-Tan,Z (2488) China 2014}) 19... Qc6 20. Rac1 Bc4 21. Bxc4 Qxc4 22. Rc2 Rfd8 23. Kf2 h5 (23... a6 {looks sharper.} 24. Qxc4 Rxc4 25. Ke3 b5 26. g3 h5) 24. Qxc4 Rxc4 $15 {[%mdl 4096] Endgame KRR-KRR} 25. Ke2 b5 26. f4 f6 27. Kd3 e5 28. fxe5 fxe5 29. Rb1 (29. Rb2 $142) 29... a6 $17 {[%cal Re5d4]} 30. Rbb2 exd4 31. cxd4 Rdxd4+ 32. Ke3 Re4+ 33. Kf3 Rf4+ 34. Ke3 Kh7 35. g3 (35. Rd2 $17) 35... Rfe4+ $19 36. Kf3 Rxc2 $1 37. Rxc2 {KR-KR} Ra4 38. h4 $2 (38. Rf2 {keeps fighting.}) 38... Kg6 39. Rc6+ Kf7 40. Rc7+ Kf6 41. Rc6+ Ke5 42. Rc5+ Kf6 (42... Kd4 $19 43. Rc2 Kd5) 43. Rc6+ $17 Kf7 44. Rc7+ $1 Kg6 45. Rc6+ Kh7 $2 (45... Kf5 $17 46. Rc5+ Kg6 47. Rc6+) 46. Rc2 $19 g6 47. Ke3 Kg7 48. Rc7+ (48. Rf2 {was worth a try.}) 48... Kf6 49. Rc6+ Kf5 50. Rc5+ Ke6 51. Rc6+ Ke5 $2 (51... Kd5 $19 {is more deadly.} 52. Rxg6 Rxa2) 52. Rxg6 $17 Ra3+ 53. Kd2 Rxa2+ 54. Kc3 Ke4 {Black wants to play ...a5.} (54... Kf5 $5 {[%cal Rf5g6]} 55. Rg5+ Kf6 $15) 55. Rg5 Kf3 56. Rxh5 Kxg3 57. Rh8 (57. Kb3 $5 {[%cal Rb3a2]} Ra4 58. Rh6 $17) 57... Ra4 58. h5 Kg4 {Threatening ...a5.} 59. Kb3 Kg5 60. Kb2 (60. Rd8 $11) 60... Rh4 61. Ra8 Rb4+ $1 62. Kc3 Rc4+ 63. Kb3 Rc6 ({But not} 63... Kxh5 $6 64. Rxa6 Kg5 65. Rb6 $11) 64. Rh8 Rh6 65. Rd8 Kxh5 66. Rd5+ Kg4 67. Kb4 Kf4 68. Rd1 Ke3 69. Kc5 $2 {[%mdl 8192]} (69. Ra1 $17) 69... Ke2 $2 (69... Rh4 $19 {and Black stays clearly on top.} 70. Rd5 Rc4+ 71. Kb6 Rd4) 70. Rd4 Rh1 (70... Rf6 $17 71. Kb4 Rf1) 71. Rd6 $1 $11 Ra1 72. Rh6 $2 (72. Kb4 $11 {and White is okay.}) 72... Kd3 $2 ({Black should try} 72... Ra4 $19 73. Rh3 Kd1 74. Rh1+ Ke2) 73. Kb4 Rb1+ 74. Ka5 Ra1+ (74... Kc4 $5 75. Rh4+ $8 Kd3 76. Rh3+ Kd4 $11) 75. Kb4 Kd4 {Hoping for ...Ra4+.} 76. Rh4+ Ke5 {( -> ...Ra4+)} 77. Rh5+ $2 (77. Rh6 $1 $11) 77... Kf6 $2 (77... Kd6 $19 78. Rh6+ Kd7 79. Rh7+ Ke6 80. Rh6+ Kf7) 78. Rh6+ $17 Kg5 (78... Kf7 $17 79. Rh7+ Ke6 80. Rh6+ Kd5 81. Rh5+ Kd6 82. Rh6+ Ke7 83. Rh7+ Ke6 84. Rh6+ Kf7) 79. Rd6 Ra4+ 80. Kb3 Kf5 {Threatens to win with ...Ke5.} 81. Rh6 Ke5 82. Rg6 Kd5 83. Rf6 Kc5 84. Rh6 Ra1 85. Kb2 Ra4 (85... Ra5 {with more complications.} 86. Rh5+ Kc6 87. Rh6+ Kd5 88. Rh5+ Ke4) 86. Kb3 $1 Rb4+ (86... Ra5 $1 $17 87. Rh5+ Kd6 88. Rh6+ Ke7 89. Rh7+ Kd6 90. Rh6+ Kc7 91. Rh7+ Kd6 92. Rh6+) 87. Ka3 $11 {Strongly threatening Rh5+.} a5 88. Rh5+ $1 Kd6 {White must now prevent ...Kc6.} 89. Rh6+ Ke5 {aiming for ...Rf4.} 90. Rh5+ $1 Kf6 {And now ...Ke6 would win.} 91. Rh6+ $2 {[%mdl 8192] [#]} (91. Rd5 $11 {and White stays safe.}) 91... Kg5 $1 $19 {[%cal Rg5h6]} 92. Ra6 $2 (92. Rd6) 92... Ra4+ 93. Kb3 Kf5 94. Rh6 $2 (94. Rc6 Re4 95. Rc5+ Re5 96. Rc8) 94... Rg4 95. Rb6 a4+ {Black mates.} 96. Ka2 {[#]} Rb4 $1 97. Rh6 Rb3 98. Rh4 Ke5 99. Rg4 Kd5 100. Rh4 Kc5 101. Rh5+ Kb4 102. Rh4+ Ka5 103. Rh5 Rf3 104. Rg5 a3 {[%cal Ba4a3,Ba3a2,Ba2a1][%mdl 32]} 105. Rg4 b4 106. Rh4 Rf2+ 107. Kb3 Rb2+ 108. Kc4 a2 109. Rh8 Rc2+ 110. Kb3 a1=N# {Precision: White = 43%, Black = 62%.} 0-1

[Event "FIDE World Cup 2017"]
[Site "Tbilisi"]
[Date "2017.09.08"]
[Round "2.3"]
[White "Motylev, Alexander"]
[Black "Giri, Anish"]
[Result "1/2-1/2"]
[WhiteElo "2668"]
[BlackElo "2777"]
[Annotator "TA"]
[PlyCount "69"]
[EventDate "2017.??.??"]
[EventType "k.o."]
[EventCountry "GEO"]
[SourceTitle "playchess.com"]
[Source "ChessBase"]
[SourceQuality "1"]

{[%evp 14,69,38,33,25,22,35,46,45,9,6,15,16,16,16,17,0,0,0,0,34,-21,0,-12,0,-14,0,-5,0,0,0,0,15,0,16,0,0,0,0,-22,-16,-67,0,0,0,0,0,0,0,0,0,0,0,0,0,0,0,0]} 1. e4 c5 2. Nf3 d6 3. d4 cxd4 4. Nxd4 Nf6 5. Nc3 a6 6. Bd3 g6 7. Be3 Bg7 8. f3 Nc6 {B72: Sicilian Dragon: 6 Be3, lines with h3+Bc4 and sidelines} 9. Qd2 Ne5 10. Be2 b5 {White is slightly better.} (10... Bd7 11. O-O-O Rc8 12. Kb1 h5 13. Rhe1 O-O {1-0 (35) Shchekachev,A (2555)-Vassallo Barroche,M (2438) Evry 2002}) 11. a4 $146 ({Predecessor:} 11. O-O-O O-O 12. Bh6 Nc4 13. Bxc4 bxc4 14. Bxg7 Kxg7 15. h4 h5 16. Rdf1 Bd7 17. Qg5 Qb6 18. Nf5+ Bxf5 19. exf5 Rab8 20. Nd1 c3 21. b3 {0-1 (41) Adas,A (900)-Wieland,H (1684) Griesheim 2006}) 11... Nc4 12. Bxc4 bxc4 13. O-O O-O 14. b4 cxb3 15. cxb3 Bb7 16. b4 Rc8 17. Rfd1 (17. a5 $14) 17... Nd7 {[%cal Bf6d7,Bd7e5,Be5c4][%mdl 32]} 18. Bf2 Ne5 19. Rac1 Qd7 20. b5 Nc4 21. Qe2 Bh6 $36 {[%mdl 2048] White is under pressure.} 22. Ra1 e6 23. Nb3 {Hoping for Nc5!} Qe7 24. Nd4 {[%cal Bb3d4,Bd4c2,Bc2b4][%mdl 32]} (24. Nc5 $5) 24... Rfe8 25. Rab1 Qg5 {next ...Ne3 is good for Black.} 26. bxa6 Bxa6 {[#] White must now prevent ...Ne3.} 27. Ncb5 (27. Ndb5 $11) 27... Red8 (27... Ne3 $15 28. Bxe3 Qxe3+ 29. Kh1 Qxe2 30. Nxe2 Bf8) 28. h4 $11 {The position is equal.} Qe7 29. Nc2 Rd7 30. Nb4 Bb7 31. Na7 Rcc7 32. Nb5 Rc8 33. Na7 Rcc7 34. Nb5 Rc8 35. Na7 {Precision: White = 67%, Black = 54%.} 1/2-1/2

[Event "FIDE World Cup 2017"]
[Site "Tbilisi"]
[Date "2017.09.08"]
[Round "2.3"]
[White "Cori, Jorge"]
[Black "Grischuk, Alexander"]
[Result "1/2-1/2"]
[WhiteElo "2648"]
[BlackElo "2788"]
[Annotator "TA"]
[PlyCount "66"]
[EventDate "2017.??.??"]
[EventType "k.o."]
[EventCountry "GEO"]
[SourceTitle "playchess.com"]
[Source "ChessBase"]
[SourceQuality "1"]

{[%evp 20,66,2,0,0,0,3,2,11,0,13,16,29,25,42,0,0,0,0,-20,0,-12,-17,-23,-21,-34,0,0,0,0,0,0,0,0,8,8,9,-3,0,-3,-3,-3,-3,-3,-3,-3,-6,-18,-6]} 1. d4 Nf6 2. c4 g6 3. g3 c6 4. Bg2 d5 5. cxd5 cxd5 6. Nf3 Bg7 7. O-O O-O 8. Nc3 Ne4 9. Nxe4 dxe4 10. Ne5 Qd5 11. b3 {LiveBook: 21 Games} Rd8 {D79: Fianchetto Grünfeld: Symmetrical Variation (6 0-0 c6 7 cxd5 cxd5)} (11... Nc6 12. Bb2 Bf5 13. Nxc6 bxc6 14. Qc2 Bxd4 15. Bxd4 Qxd4 16. e3 Qe5 17. Qxc6 Rfd8 18. Rad1 Rac8 19. Qa6 Qc5 20. Rxd8+ Rxd8 21. Qa4 Rd2 22. Bxe4 Bxe4 23. Qxe4 Rxa2 24. Rd1 Qf5 25. Qxf5 {½-½ (25) Kanep,M (2509)-Esipenko,A (2471) Helsinki 2016}) 12. Bb2 f6 13. Nc4 f5 {[%cal Rg7d4]} 14. e3 Nc6 $146 ({Predecessor:} 14... b5 15. Ne5 Nd7 16. f3 Nf6 17. Rc1 exf3 18. Bxf3 Ne4 19. Nd3 {½-½ (58) Shipman,W (2355)-Enright,P California 1995}) 15. f3 exf3 16. Bxf3 Qf7 17. Qe2 Be6 18. Rad1 Bd5 19. Ne5 Qe6 {[%cal Rc6e5]} (19... Nxe5 {seems wilder.} 20. dxe5 Bxf3 21. Qxf3 e6 22. e4 Qc7) 20. Nxc6 Qxc6 21. Bxd5+ Qxd5 22. Qg2 Qxg2+ (22... Qa5 {feels hotter.} 23. Ba1 Qb6 24. g4 e6 25. Rc1 Bh6) 23. Kxg2 {The position is equal.} Rac8 24. Rc1 Kf7 25. Kf3 Bf6 26. g4 Ke6 (26... Rxc1 {keeps more tension.} 27. Rxc1 fxg4+ 28. Kxg4 Rd5 29. Rc2 Rg5+) 27. gxf5+ gxf5 28. Rxc8 Rxc8 29. Rc1 Rxc1 30. Bxc1 $11 {KB-KB} Kd5 31. Bd2 Bh4 32. Bc3 e6 33. Bd2 a6 {Precision: White = 54%, Black = 63%.} 1/2-1/2

[Event "FIDE World Cup 2017"]
[Site "Tbilisi"]
[Date "2017.09.08"]
[Round "2.3"]
[White "Lenic, Luka"]
[Black "Caruana, Fabiano"]
[Result "1/2-1/2"]
[WhiteElo "2646"]
[BlackElo "2799"]
[Annotator "TA"]
[PlyCount "59"]
[EventDate "2017.??.??"]
[EventType "k.o."]
[EventCountry "GEO"]
[SourceTitle "playchess.com"]
[Source "ChessBase"]
[SourceQuality "1"]

{[%evp 22,59,22,21,22,12,27,8,14,10,7,5,4,4,4,0,0,0,0,0,0,-3,0,0,0,0,0,0,0,0,0,0,0,-17,0,0,0,-8,0,0]} 1. d4 d5 2. c4 dxc4 3. Nf3 Nf6 4. e3 e6 5. Bxc4 c5 6. O-O a6 7. dxc5 Bxc5 8. Qxd8+ Kxd8 9. Be2 Ke7 10. b3 b6 11. Ne5 Bb7 12. Nd2 b5 {D27: Queen's Gambit Accepted: Classical main line: 7 e4!? and 7 a4} (12... Rd8 13. Nd3 Bd6 14. Nc4 Bc7 15. Ba3+ Ke8 16. Rfd1 b5 17. Nce5 Nbd7 18. Nxd7 Nxd7 19. Bb2 f6 20. Rac1 {0-1 (53) Flores,D (2566)-Socko,B (2646) Warsaw 2007}) 13. a4 Nbd7 14. Nxd7 (14. Nd3 $5 {[%cal Rd3c5]}) 14... Nxd7 {The position is equal.} 15. Bb2 b4 16. Rac1 $146 Rhc8 17. Rfd1 f6 18. Nc4 a5 19. Bf3 Bxf3 20. gxf3 Nb6 21. Kf1 Nxc4 22. Rxc4 {[#] Strongly threatening Rdc1.} Bb6 {White should prevent ...Rxc4.} 23. Rdc1 Rxc4 24. Rxc4 $11 {[%mdl 4096] Endgame KRB-KRB} Rd8 25. Ke2 Rd5 26. Rc6 Rd6 27. Rc8 Rd8 28. Rc6 Rd6 29. Rc8 Rd8 30. Rc6 1/2-1/2